Obie Trice Discography - Statistics

General Stats
  • This quiz has been taken 5 times
  • The average score is 2 of 9
Answer Stats
Year Name Type % Correct
2003 Cheers Album
100%
2012 Bottoms Up Album
50%
2006 Second Round's on Me Album
50%
2006 Bar Shots Mixtape
0%
2009 Special Reserve Compilation
0%
2003 The Bar Is Open Mixtape
0%
2013 The Hangover Album
0%
2007 The Most Under Rated Mixtape
0%
2012 Watch The Chrome Mixtape
0%
No matching quizzes found
Score Distribution
Percent of People with Each Score
Percentile by Number Answered
Your Score History
You have not taken this quiz